[Event "34th WCh U20 Girls"]
[Site "Bhubaneswar IND"]
[Date "2016.08.09"]
[Round "2.28"]
[White "Thomas, Anysia"]
[Black "Gamage, Nethmi Nirasha"]
[Result "1-0"]
[WhiteElo "2049"]
[BlackElo "1559"]
[EventDate "2016.08.08"]
[PlyCount "79"]

1.d4 c5 2.d5 d6 3.Nf3 e6 4.Nc3 Nf6 5.e4 Be7 6.Bb5+ Bd7 7.a4 Na6 8.O-O O-O 
9.dxe6 fxe6 10.Bc4 Nc7 11.e5 Nfe8 12.exd6 Nxd6 13.Ba2 Rf5 14.Qe2 Nf7 15.
Rd1 Qe8 16.Bc4 Bc6 17.Ne4 Ne5 18.Nxe5 Rxe5 19.f3 Qh5 20.Bf4 Bxe4 21.Bxe5 
Qxe5 22.Qxe4 Qxe4 23.fxe4 Bf6 24.c3 Re8 25.Rd7 Be5 26.Rad1 a6 27.a5 Kf8 
28.Rf1+ Kg8 29.Rff7 Nb5 30.Bxb5 axb5 31.Rxb7 b4 32.Rfe7 Rd8 33.Rbd7 Rb8 
34.Rb7 Rd8 35.Red7 Rf8 36.a6 bxc3 37.bxc3 Bxc3 38.a7 Be5 39.g3 c4 40.Rb8 
1-0

[Event "34th WCh U20 Girls"]
[Site "Bhubaneswar IND"]
[Date "2016.08.10"]
[Round "3.1"]
[White "Bivol, Alina"]
[Black "Michelle Catherina"]
[Result "1-0"]
[WhiteElo "2362"]
[BlackElo "2205"]
[EventDate "2016.08.08"]
[PlyCount "121"]

1.Nf3 Nf6 2.g3 d5 3.Bg2 c6 4.O-O Bf5 5.d3 h6 6.c4 e6 7.cxd5 exd5 8.Qb3 Qb6
9.Qc2 Nbd7 10.Nc3 Bh7 11.Rb1 Bd6 12.b4 O-O 13.Be3 Qd8 14.Qb3 a6 15.a4 Qe7 
16.Bh3 Ne5 17.Nxe5 Bxe5 18.Bc5 Bd6 19.Bd4 Be5 20.Bc5 Bd6 21.Bxd6 Qxd6 22.
a5 Rae8 23.Rb2 Bg6 24.Bg2 h5 25.h4 Bf5 26.Qc2 Qe5 27.Na4 Re7 28.Nc5 d4 29.
Nb3 Be6 30.Nc5 Bd5 31.Bh3 Ng4 32.Bxg4 hxg4 33.Qc1 Rfe8 34.Re1 Qf5 35.Qf4 
Qxf4 36.gxf4 f5 37.Kh2 Kf7 38.Kg3 g6 39.Rd2 Kf6 40.Rb2 Kg7 41.e4 dxe3 42.
Rbe2 g5 43.fxg5 Rf7 44.Kf4 Rh8 45.Rxe3 Rxh4 46.Re7 g3+ 47.Kxg3 Rg4+ 48.Kh3
Rxb4 49.R1e5 Rb5 50.d4 Kg6 51.Rxf7 Bxf7 52.Re7 Rxa5 53.Nd7 Ra4 54.f4 Bg8 
55.Kh4 Bf7 56.Ne5+ Kg7 57.g6 Rxd4 58.gxf7 Rxf4+ 59.Kg3 Rg4+ 60.Nxg4 fxg4 
61.Rxb7 1-0

[Event "34th WCh U20 Girls"]
[Site "Bhubaneswar IND"]
[Date "2016.08.10"]
[Round "3.2"]
[White "Dordzhieva, Dinara"]
[Black "Ivanova, Karina"]
[Result "1-0"]
[WhiteElo "2304"]
[BlackElo "2129"]
[EventDate "2016.08.08"]
[PlyCount "73"]

1.c4 c5 2.Nc3 Nf6 3.g3 e6 4.Nf3 b6 5.Bg2 Bb7 6.O-O Be7 7.b3 d5 8.e3 dxc4 
9.bxc4 O-O 10.d3 Nc6 11.Bb2 Rc8 12.Qe2 Qc7 13.Nh4 Nd7 14.f4 Bxh4 15.gxh4 
f5 16.Rf3 Nf6 17.Rg3 Qf7 18.Kh1 Kh8 19.Rg1 Rcd8 20.Nd1 Rd7 21.Nf2 Rfd8 22.
Bf3 Nb4 23.Bxb7 Rxb7 24.a3 Nc6 25.Nh3 Ne8 26.Qg2 Rc7 27.Ng5 Qe7 28.Qe2 Nf6
29.Nf3 Ne8 30.h5 h6 31.Rg6 Kh7 32.Qg2 Qf7 33.Ne1 Nf6 34.Qe2 Rcd7 35.Rxg7+ 
Qxg7 36.Rxg7+ Kxg7 37.Qg2+ 1-0

[Event "34th WCh U20 Girls"]
[Site "Bhubaneswar IND"]
[Date "2016.08.10"]
[Round "3.3"]
[White "Eswaran, Ashritha"]
[Black "Frayna, Janelle Mae"]
[Result "0-1"]
[WhiteElo "2226"]
[BlackElo "2292"]
[EventDate "2016.08.08"]
[PlyCount "68"]

1.e4 e5 2.Nf3 Nc6 3.Bb5 a6 4.Ba4 Nf6 5.d3 Bc5 6.Nc3 O-O 7.O-O d6 8.Nd5 
Nxd5 9.exd5 Ne7 10.c4 Bg4 11.h3 Bh5 12.g4 Bg6 13.d4 exd4 14.Nxd4 Nc8 15.
Be3 Nb6 16.Bb3 Qh4 17.Kh2 h5 18.Rg1 Rae8 19.Rg3 Re4 20.gxh5 Bxd4 21.hxg6 
Be5 22.Qd3 fxg6 23.f4 Rxe3 24.Qxe3 Bxf4 25.Qe6+ Kh8 26.Qg4 Bxg3+ 27.Kg2 
Rf2+ 28.Kh1 Qxg4 29.hxg4 a5 30.Rb1 a4 31.Bd1 g5 32.Kg1 Nxc4 33.Bxa4 Nd2 
34.Rc1 Nf3+ 0-1

[Event "34th WCh U20 Girls"]
[Site "Bhubaneswar IND"]
[Date "2016.08.10"]
[Round "3.4"]
[White "Buksa, Natalia"]
[Black "Monnisha, Gajendra Babu Kannaiyan"]
[Result "1-0"]
[WhiteElo "2261"]
[BlackElo "2101"]
[EventDate "2016.08.08"]
[PlyCount "61"]

1.e4 e5 2.Nf3 Nc6 3.Bb5 a6 4.Ba4 Nf6 5.O-O b5 6.Bb3 Bb7 7.Re1 Bc5 8.Nc3 
O-O 9.d3 h6 10.a4 b4 11.Nd5 Na5 12.Ba2 Re8 13.c3 Bxd5 14.Bxd5 Nxd5 15.exd5
Qf6 16.Be3 Bxe3 17.Rxe3 bxc3 18.bxc3 d6 19.Nd2 Kh8 20.Qg4 Rab8 21.Rae1 Qg5
22.Qxg5 hxg5 23.Re4 c6 24.dxc6 Rec8 25.Rb4 Nxc6 26.Rxb8 Nxb8 27.c4 Rc6 28.
Rb1 Nd7 29.Ne4 Nc5 30.Nxg5 Nxd3 31.Rb8+ 1-0

[Event "34th WCh U20 Girls"]
[Site "Bhubaneswar IND"]
[Date "2016.08.10"]
[Round "3.5"]
[White "Nandhidhaa, Venkatachalam"]
[Black "Saduakasova, Dinara"]
[Result "1/2-1/2"]
[WhiteElo "2151"]
[BlackElo "2423"]
[EventDate "2016.08.08"]
[PlyCount "67"]

1.b3 Nf6 2.Bb2 g6 3.Bxf6 exf6 4.c4 d5 5.cxd5 Qxd5 6.Nc3 Qa5 7.g3 c6 8.Bg2 
Ba3 9.Qc2 Bf5 10.e4 Be6 11.Nge2 Na6 12.d4 h5 13.O-O Rc8 14.Nf4 Bd7 15.e5 
Nb4 16.Qd2 Nd5 17.Bxd5 cxd5 18.Nfxd5 Kf8 19.Rab1 Bb4 20.Nxb4 Qxb4 21.Rbc1 
fxe5 22.dxe5 Bh3 23.Nb1 Qxd2 24.Nxd2 Ke7 25.Rfe1 Rhd8 26.Ne4 Rxc1 27.Rxc1 
Rd4 28.f3 Bf5 29.Ng5 Rd7 30.f4 Be6 31.Rc2 Bf5 32.Rc1 Be6 33.Rc2 Bf5 34.Rc1
1/2-1/2

[Event "34th WCh U20 Girls"]
[Site "Bhubaneswar IND"]
[Date "2016.08.10"]
[Round "3.6"]
[White "Alinasab, Mobina"]
[Black "Pratyusha, Bodda"]
[Result "0-1"]
[WhiteElo "2199"]
[BlackElo "2329"]
[EventDate "2016.08.08"]
[PlyCount "102"]

1.e4 e5 2.Nf3 Nc6 3.Bb5 a6 4.Ba4 Nf6 5.O-O Nxe4 6.Re1 Nc5 7.Bxc6 dxc6 8.d4
Ne6 9.dxe5 Qxd1 10.Rxd1 Bc5 11.Nc3 Bd7 12.Ne4 Ba7 13.Neg5 Nxg5 14.Bxg5 h6 
15.Bh4 g5 16.Bg3 O-O-O 17.c3 Bg4 18.Kf1 Bh5 19.Rxd8+ Rxd8 20.Ke1 Rd5 21.
Nd2 Bg6 22.h3 Kd7 23.Nc4 Ke6 24.Nd2 a5 25.Nf1 a4 26.Rd1 h5 27.Rxd5 cxd5 
28.h4 gxh4 29.Bxh4 Bb1 30.a3 d4 31.Kd2 Kxe5 32.Bg3+ Kd5 33.cxd4 Bxd4 34.
Ne3+ Kc6 35.Nd1 b5 36.f3 Bg6 37.Bf2 Bxf2 38.Nxf2 h4 39.Nd1 Kd5 40.Nc3+ Kc4
41.Nd1 c5 42.Nc3 Bf5 43.Nd1 Kb3 44.Kc1 b4 45.axb4 cxb4 46.Ne3 Bg6 47.Nf1 
Kc4 48.Ne3+ Kd4 49.Kd2 a3 50.bxa3 bxa3 51.f4 Be4 0-1

[Event "34th WCh U20 Girls"]
[Site "Bhubaneswar IND"]
[Date "2016.08.10"]
[Round "3.7"]
[White "Mahalakshmi, Muganda Kumar"]
[Black "Rodriguez Rueda, Paula Andrea"]
[Result "0-1"]
[WhiteElo "2101"]
[BlackElo "2321"]
[EventDate "2016.08.08"]
[PlyCount "72"]

1.d4 Nf6 2.c4 e6 3.Nc3 Bb4 4.g3 O-O 5.Bg2 d5 6.a3 Be7 7.Nf3 b6 8.Ne5 Bb7 
9.O-O c6 10.Qc2 Nbd7 11.Rd1 Nxe5 12.dxe5 Ng4 13.e4 Bc5 14.Rd2 d4 15.Na4 d3
16.Qd1 Nxe5 17.Nxc5 bxc5 18.b3 Qd6 19.Bb2 Rad8 20.f4 Ng6 21.e5 Qc7 22.Rxd3
Ne7 23.Be4 Ba6 24.Qc2 Rxd3 25.Bxd3 g6 26.Rd1 Qb6 27.Qc3 Nd5 28.Qd2 Qxb3 
29.cxd5 Bxd3 30.Qxd3 Qxb2 31.dxc6 Qb6 32.Qd7 c4+ 33.Rd4 c3 34.c7 c2 35.
c8=Q Qxd4+ 36.Qxd4 Rxc8 0-1

[Event "34th WCh U20 Girls"]
[Site "Bhubaneswar IND"]
[Date "2016.08.10"]
[Round "3.8"]
[White "Kiolbasa, Oliwia"]
[Black "Blagojevic, Tijana"]
[Result "1/2-1/2"]
[WhiteElo "2319"]
[BlackElo "2267"]
[EventDate "2016.08.08"]
[PlyCount "62"]

1.e4 e5 2.Nf3 Nc6 3.Bb5 Nf6 4.O-O Nxe4 5.Qe2 Nd6 6.Bxc6 dxc6 7.Qxe5+ Qe7 
8.Qa5 Qd7 9.Qc3 Nf5 10.Re1+ Be7 11.d3 O-O 12.Nbd2 a5 13.a3 Bf6 14.Qc4 Nd6 
15.Qf4 Qg4 16.Qxg4 Bxg4 17.h3 Be6 18.Ne4 Nxe4 19.dxe4 a4 20.c3 Ra5 21.Bf4 
Rb5 22.Re2 Bc4 23.Rd2 Re8 24.Re1 Rc8 25.Nd4 Ra5 26.Nf5 Be6 27.Nd4 Bc4 28.
Nf5 Be6 29.Nd4 Bc4 30.Nf5 Be6 31.Nd4 Bc4 1/2-1/2

[Event "34th WCh U20 Girls"]
[Site "Bhubaneswar IND"]
[Date "2016.08.10"]
[Round "3.9"]
[White "Parnali, S. Dharia"]
[Black "Harshita, Guddanti"]
[Result "1-0"]
[WhiteElo "2203"]
[BlackElo "2180"]
[EventDate "2016.08.08"]
[PlyCount "61"]

1.d4 Nf6 2.c4 e6 3.g3 d5 4.Nf3 dxc4 5.Bg2 c5 6.O-O Nc6 7.Qa4 Bd7 8.Qxc4 b5
9.Qd3 c4 10.Qd1 Rc8 11.Bg5 Be7 12.Nc3 a6 13.Bxf6 Bxf6 14.a4 b4 15.Ne4 Be7 
16.d5 exd5 17.Qxd5 Be6 18.Qh5 Qa5 19.Nfg5 g6 20.Qh6 Qe5 21.Nxe6 fxe6 22.
Rad1 Nd8 23.f4 Qxb2 24.Rd2 Qb3 25.Qg7 Nf7 26.Kh1 c3 27.Rd3 Qxa4 28.Ng5 
Bxg5 29.fxg5 Rc7 30.Rd6 Nxd6 31.Qxc7 1-0

[Event "34th WCh U20 Girls"]
[Site "Bhubaneswar IND"]
[Date "2016.08.10"]
[Round "3.10"]
[White "Stiazhkina, Anna"]
[Black "Priyanka, Nutakki"]
[Result "1-0"]
[WhiteElo "2315"]
[BlackElo "2234"]
[EventDate "2016.08.08"]
[PlyCount "61"]

1.e4 e6 2.d4 d5 3.Nd2 Be7 4.Bd3 c5 5.dxc5 Nf6 6.exd5 Nxd5 7.Nb3 O-O 8.Nf3 
Nd7 9.O-O Nxc5 10.Nxc5 Bxc5 11.Qe2 Qc7 12.Qe4 f5 13.Qe2 Bd6 14.Bc4 Bd7 15.
Re1 Rae8 16.h3 Nf6 17.Be3 Kh8 18.Rad1 Ne4 19.Bd3 Bc6 20.Nd4 Nf6 21.Bc1 Bd7
22.Bb5 a6 23.Bxd7 Qxd7 24.Nxe6 Rg8 25.Qc4 b5 26.Qb3 Ne4 27.Nd4 Nc5 28.Qf3 
Rxe1+ 29.Rxe1 Rf8 30.Bf4 Na4 31.Qd5 1-0

[Event "34th WCh U20 Girls"]
[Site "Bhubaneswar IND"]
[Date "2016.08.10"]
[Round "3.11"]
[White "Vaishali, Ramesh Babu"]
[Black "Thomas, Anysia"]
[Result "1-0"]
[WhiteElo "2284"]
[BlackElo "2049"]
[EventDate "2016.08.08"]
[PlyCount "59"]

1.e4 c6 2.d4 g6 3.Nc3 d5 4.Nf3 Bg7 5.h3 Nf6 6.e5 Ne4 7.Bd3 Nxc3 8.bxc3 c5 
9.O-O Nc6 10.a4 O-O 11.Ba3 c4 12.Be2 Qa5 13.Qd2 Re8 14.Nh4 f6 15.f4 Bh6 
16.Qe1 Bg7 17.Qg3 Be6 18.f5 g5 19.fxe6 gxh4 20.Qe3 fxe5 21.Rf7 Kh8 22.dxe5
Qc7 23.Bd6 Qb6 24.Bc5 Qc7 25.Bd4 Nxd4 26.cxd4 Qb6 27.Bg4 Bh6 28.Qxh6 Qxd4+
29.Kh1 Qxa1+ 30.Bd1 1-0

[Event "34th WCh U20 Girls"]
[Site "Bhubaneswar IND"]
[Date "2016.08.10"]
[Round "3.12"]
[White "Visanescu, Daria-Ioana"]
[Black "Injac, Teodora"]
[Result "0-1"]
[WhiteElo "2067"]
[BlackElo "2252"]
[EventDate "2016.08.08"]
[PlyCount "116"]

1.d4 Nf6 2.Bf4 c5 3.c3 Qb6 4.Qc2 d5 5.Nd2 Nc6 6.e3 Nh5 7.Bg3 Nxg3 8.hxg3 
g6 9.Ngf3 Bg7 10.Nh4 O-O 11.f4 Bg4 12.Bd3 cxd4 13.exd4 e5 14.fxe5 Rac8 15.
Qb3 Bxe5 16.O-O Bxg3 17.Nhf3 Qxb3 18.axb3 Rfe8 19.b4 Re3 20.Bb5 a6 21.Ba4 
h5 22.Ng5 Bf5 23.Bb3 Rd8 24.Rf3 Rxf3 25.Ngxf3 Kg7 26.Nf1 Bf4 27.Re1 Kf6 
28.Ne3 Be6 29.Kf2 g5 30.g3 Bxe3+ 31.Rxe3 Rh8 32.Ne5 Nxe5 33.Rxe5 Rd8 34.
Kg2 h4 35.gxh4 gxh4 36.Rh5 h3+ 37.Kh2 Kg6 38.Re5 Kf6 39.Rh5 Kg6 40.Re5 Kg7
41.Bd1 Rd6 42.Be2 Kg6 43.Bd3+ Kh6 44.Bf5 Bxf5 45.Rxf5 Kg6 46.Rf1 Rf6 47.
Rg1+ Kf5 48.Kxh3 Rh6+ 49.Kg3 Rg6+ 50.Kf2 Rxg1 51.Kxg1 Ke4 52.Kf2 f5 53.Ke2
f4 54.Kf2 f3 55.Kf1 Ke3 56.Ke1 b5 57.Kf1 f2 58.b3 Kd3 0-1

[Event "34th WCh U20 Girls"]
[Site "Bhubaneswar IND"]
[Date "2016.08.10"]
[Round "3.13"]
[White "Gu Tianlu"]
[Black "Leonardi, Caterina"]
[Result "1-0"]
[WhiteElo "2239"]
[BlackElo "2061"]
[EventDate "2016.08.08"]
[PlyCount "87"]

1.d4 d5 2.c4 c6 3.Nf3 Nf6 4.Nc3 a6 5.a4 e6 6.g3 Bb4 7.Bg5 Qa5 8.Bd2 Nbd7 
9.Bg2 Nb6 10.cxd5 exd5 11.Ne5 Nc4 12.Nxc4 dxc4 13.e4 O-O 14.e5 Re8 15.O-O 
Nd7 16.Ne4 Bxd2 17.Qxd2 Qxd2 18.Nxd2 c5 19.Nxc4 cxd4 20.f4 Nc5 21.b4 Nd3 
22.Nd6 Rd8 23.Rab1 Bg4 24.Bf3 Bd7 25.Rb3 Nxe5 26.fxe5 Bxa4 27.Ra3 Bc2 28.
Bd5 d3 29.Rxf7 Rf8 30.Rf2+ Kh8 31.Nf7+ Rxf7 32.Bxf7 Rd8 33.Rd2 Rd4 34.e6 
Re4 35.Raxd3 Bxd3 36.Rxd3 g6 37.Kf2 Kg7 38.Re3 Rxe3 39.Kxe3 Kf8 40.Kd4 b6 
41.Kd5 Ke7 42.Kc6 a5 43.bxa5 bxa5 44.Kb5 1-0

[Event "34th WCh U20 Girls"]
[Site "Bhubaneswar IND"]
[Date "2016.08.10"]
[Round "3.14"]
[White "Priyanka, K."]
[Black "Uuriintuya, Uurtsaikh"]
[Result "1-0"]
[WhiteElo "2048"]
[BlackElo "2199"]
[EventDate "2016.08.08"]
[PlyCount "116"]

1.e4 c5 2.Nf3 Nc6 3.d4 cxd4 4.Nxd4 g6 5.Nc3 Bg7 6.Be3 Nf6 7.Bc4 Qa5 8.O-O 
O-O 9.Bb3 d6 10.h3 Bd7 11.Re1 Rac8 12.Qe2 Nh5 13.Rad1 Nf4 14.Qf3 Ne6 15.
Nxe6 Bxe6 16.Bd2 Bxb3 17.axb3 b5 18.Ra1 Qb6 19.Nd5 Qb7 20.Bc3 a5 21.Qe3 e6
22.Nf4 Bh6 23.Qg3 Qe7 24.Bd2 Qg5 25.Qxg5 Bxg5 26.Rad1 Bf6 27.Bc3 Be7 28.
Bd2 Nd4 29.Bxa5 Nxc2 30.Re2 Bg5 31.g3 e5 32.h4 Bxf4 33.gxf4 Nd4 34.Re3 
exf4 35.Red3 Nc6 36.Bc3 Ne5 37.Rxd6 Rfe8 38.Kg2 Ng4 39.Kf3 h5 40.R1d5 Rb8 
41.b4 Ra8 42.Rxb5 Ra1 43.Kg2 f3+ 44.Kxf3 Rh1 45.Rbd5 Rf1 46.Rd2 Re1 47.Rd8
Rxe4 48.Kg3 Nh6 49.f3 Nf5+ 50.Kf2 Re6 51.b5 Kf8 52.Bb4+ Kg7 53.Rxe8 Rxe8 
54.b6 Rb8 55.Bc5 Kf6 56.Rd7 Ke6 57.Rc7 Nd6 58.Rc6 Kd5 1-0

[Event "34th WCh U20 Girls"]
[Site "Bhubaneswar IND"]
[Date "2016.08.10"]
[Round "3.15"]
[White "Chitlange, Sakshi"]
[Black "Santeramo, Alessia"]
[Result "1/2-1/2"]
[WhiteElo "2014"]
[BlackElo "2137"]
[EventDate "2016.08.08"]
[PlyCount "179"]

1.d4 Nf6 2.c4 e6 3.g3 d5 4.Nf3 dxc4 5.Bg2 Nc6 6.O-O Rb8 7.Re1 Be7 8.b3 
cxb3 9.Qxb3 O-O 10.Bb2 Na5 11.Qc2 Nd5 12.Nbd2 b6 13.a3 Bb7 14.e4 Nf6 15.
Bc3 Nc6 16.Bb2 Na5 17.Bc3 Nc6 18.Qb2 a6 19.Rad1 Na7 20.Bb4 c5 21.Bc3 Nb5 
22.dxc5 Nxc3 23.Qxc3 Bxc5 24.e5 Nd5 25.Qb3 Qe7 26.Ra1 Nc7 27.Ne4 Nb5 28.
Nxc5 bxc5 29.Qe3 Rfc8 30.Rec1 Bxf3 31.Bxf3 Nd4 32.Rab1 h6 33.Be4 Rxb1 34.
Bxb1 Rb8 35.Qd3 g6 36.Qxa6 Nf3+ 37.Kg2 Nxe5 38.Qe2 Nc6 39.Be4 Nd4 40.Qc4 
f5 41.Bf3 Nxf3 42.Kxf3 Qb7+ 43.Ke2 Qb5 44.a4 Qxc4+ 45.Rxc4 Rb2+ 46.Kf3 Ra2
47.h4 Kf7 48.Rxc5 Rxa4 49.Rc7+ Kf6 50.Rc5 g5 51.hxg5+ hxg5 52.Rb5 Ra2 53.
Rc5 g4+ 54.Ke3 Ra3+ 55.Ke2 e5 56.Rc6+ Kg5 57.Rc5 Kf6 58.Rc6+ Ke7 59.Rb6 
Rf3 60.Kf1 e4 61.Kg2 Ra3 62.Kf1 Rf3 63.Kg2 Ra3 64.Kf1 Ra2 65.Rc6 Kf7 66.
Rb6 Ra3 67.Rc6 e3 68.fxe3 Rxe3 69.Kf2 Rf3+ 70.Kg2 Re3 71.Kf2 Re6 72.Rc5 
Kf6 73.Rb5 Ra6 74.Rc5 Ra2+ 75.Kg1 Rd2 76.Rb5 Ke6 77.Ra5 Rd5 78.Ra8 Ke5 79.
Re8+ Kd4 80.Kf2 Kd3 81.Re3+ Kc4 82.Re8 Rd2+ 83.Kf1 Ra2 84.Re5 Ra3 85.Rxf5 
Rxg3 86.Kf2 Rd3 87.Rf4+ Rd4 88.Rxd4+ Kxd4 89.Kg3 Ke5 90.Kxg4 1/2-1/2

[Event "34th WCh U20 Girls"]
[Site "Bhubaneswar IND"]
[Date "2016.08.10"]
[Round "3.16"]
[White "Salonika, Saina"]
[Black "Du Yuxin"]
[Result "1/2-1/2"]
[WhiteElo "2131"]
[BlackElo "1957"]
[EventDate "2016.08.08"]
[PlyCount "104"]

1.e4 c6 2.d4 d5 3.Nc3 dxe4 4.Nxe4 Bf5 5.Ng3 Bg6 6.h4 h6 7.Nf3 Nd7 8.h5 Bh7
9.Bd3 Bxd3 10.Qxd3 e6 11.Bd2 Ngf6 12.O-O-O Be7 13.Kb1 O-O 14.Ne4 Nxe4 15.
Qxe4 Nf6 16.Qe2 Qd5 17.Be3 Bd6 18.g4 Nxg4 19.Rdg1 Nxe3 20.fxe3 Kh8 21.e4 
Qa5 22.e5 Be7 23.Rg4 Rg8 24.Rhg1 Qd8 25.Qf2 c5 26.Nd2 cxd4 27.Qxf7 Qe8 28.
Qxe6 Bg5 29.Qxe8 Raxe8 30.Nc4 Rgf8 31.a4 a6 32.a5 Be3 33.R1g3 Re7 34.Re4 
Rf5 35.Rh3 Bf2 36.Nd6 Rf8 37.Rb3 Kg8 38.e6 Rf6 39.Nxb7 Rfxe6 40.Rxe6 Rxe6 
41.Nc5 Re1+ 42.Ka2 Re5 43.Rb8+ Kh7 44.b4 Rxh5 45.Nxa6 d3 46.cxd3 Rd5 47.
Rf8 Be3 48.Kb3 Rxd3+ 49.Kc4 Rd4+ 50.Kc3 Rd1 51.Nc5 h5 52.Nb3 Kg6 1/2-1/2

[Event "34th WCh U20 Girls"]
[Site "Bhubaneswar IND"]
[Date "2016.08.10"]
[Round "3.17"]
[White "Chandreyee, Hajra"]
[Black "Varshini, Velavan"]
[Result "1/2-1/2"]
[WhiteElo "1931"]
[BlackElo "2129"]
[EventDate "2016.08.08"]
[PlyCount "90"]

1.e4 c5 2.Nf3 d6 3.d4 cxd4 4.Nxd4 Nf6 5.Nc3 a6 6.Be2 e5 7.Nb3 Be7 8.O-O 
O-O 9.Be3 Be6 10.Qd3 Nc6 11.a3 d5 12.exd5 Nxd5 13.Nxd5 Qxd5 14.Qxd5 Bxd5 
15.Rad1 Be4 16.Bd3 Bxd3 17.Rxd3 Rfd8 18.Rfd1 Rxd3 19.Rxd3 Rd8 20.Rxd8+ 
Nxd8 21.Na5 b5 22.c4 bxc4 23.Nxc4 Nc6 24.Kf1 f5 25.b4 Kf7 26.Ke2 Ke6 27.f3
Bd8 28.Bc5 Nb8 29.a4 Nd7 30.Ba7 g6 31.b5 axb5 32.axb5 Bc7 33.Kd3 e4+ 34.
fxe4 fxe4+ 35.Kxe4 Bxh2 36.Bd4 h5 37.b6 g5 38.b7 g4 39.Ne5 Bxe5 40.Bxe5 
Nc5+ 41.Kf4 Nxb7 42.Bc3 Nd6 43.Kg5 Ne4+ 44.Kxh5 Nxc3 45.Kxg4 Ke5 1/2-1/2

[Event "34th WCh U20 Girls"]
[Site "Bhubaneswar IND"]
[Date "2016.08.10"]
[Round "3.18"]
[White "Divya Lakshmi, R."]
[Black "Srija, Seshadri"]
[Result "1-0"]
[WhiteElo "1864"]
[BlackElo "2102"]
[EventDate "2016.08.08"]
[PlyCount "93"]

1.e4 e5 2.Nf3 Nc6 3.Bb5 a6 4.Ba4 Nge7 5.c3 g6 6.O-O Bg7 7.d4 exd4 8.cxd4 
b5 9.Bb3 d6 10.h3 O-O 11.Nc3 Na5 12.Bc2 Bb7 13.Re1 c5 14.d5 h6 15.Rb1 Kh7 
16.Ne2 Nc4 17.b3 Ne5 18.Nxe5 dxe5 19.Be3 Qd6 20.Rc1 Rac8 21.Bb1 f5 22.f3 
f4 23.Bf2 g5 24.Rc3 c4 25.bxc4 Rxc4 26.Rxc4 bxc4 27.Qa4 Rc8 28.Rc1 Qb8 29.
a3 Ba8 30.Ba2 Qb5 31.Qxb5 axb5 32.Nc3 Bf8 33.Nxb5 Nxd5 34.exd5 Bxd5 35.
Bb1+ Kg7 36.Bf5 Rb8 37.a4 Bb4 38.Nc7 Bf7 39.Na6 Ba3 40.Nxb8 Bxc1 41.a5 Bd2
42.a6 Bd5 43.Kf1 Ba5 44.Ke2 c3 45.Kd1 Kf6 46.Be4 Bb3+ 47.Kc1 1-0

[Event "34th WCh U20 Girls"]
[Site "Bhubaneswar IND"]
[Date "2016.08.10"]
[Round "3.19"]
[White "Soyunlu, Narmin"]
[Black "Ayinala, Shree"]
[Result "1/2-1/2"]
[WhiteElo "2074"]
[BlackElo "1464"]
[EventDate "2016.08.08"]
[PlyCount "140"]

1.d4 Nf6 2.c4 g6 3.g3 Bg7 4.Bg2 O-O 5.Nc3 d6 6.Nf3 Nbd7 7.O-O e5 8.e4 exd4
9.Nxd4 Re8 10.h3 a6 11.Re1 Rb8 12.Be3 c5 13.Nc2 b5 14.cxb5 axb5 15.b4 Nh5 
16.Bd2 Ne5 17.Rb1 Nc4 18.Nd5 Nxd2 19.Qxd2 Nf6 20.Rbd1 Nxd5 21.exd5 c4 22.
Nd4 Bxd4 23.Qxd4 Bf5 24.Qc3 Qd7 25.Kh2 Ra8 26.Rxe8+ Rxe8 27.a4 Re2 28.Qf3 
Rb2 29.axb5 Qxb5 30.Ra1 Rb3 31.Qf4 Qb6 32.Qxc4 Rxb4 33.Ra8+ Kg7 34.Qc3+ 
Qd4 35.Qxd4+ Rxd4 36.Rd8 Be4 37.Rxd6 Bxg2 38.Kxg2 Kf8 39.Kf3 Ke7 40.Ke3 
Rd1 41.Ra6 Rxd5 42.Ke4 Rd6 43.Ra7+ Ke6 44.Ra8 Kf6 45.Kf4 h5 46.h4 Re6 47.
f3 Rd6 48.Ra4 Re6 49.g4 hxg4 50.fxg4 Re1 51.Ra6+ Re6 52.g5+ Kg7 53.Rxe6 
fxe6 54.Ke5 Kf7 55.Kd6 e5 56.Kxe5 Ke7 57.Kd5 Kd7 58.Kd4 Kd6 59.Ke4 Ke6 60.
Kf4 Kf7 61.Ke3 Ke7 62.Kd3 Kd7 63.Ke4 Ke6 64.Kf4 Kf7 65.Kg4 Kg8 66.h5 gxh5+
67.Kxh5 Kh7 68.g6+ Kg7 69.Kg5 Kg8 70.Kg4 Kg7 1/2-1/2

[Event "34th WCh U20 Girls"]
[Site "Bhubaneswar IND"]
[Date "2016.08.10"]
[Round "3.20"]
[White "Tokhiryonova, Gulrukhbegim"]
[Black "Hoare, Amy"]
[Result "1-0"]
[WhiteElo "2328"]
[BlackElo "2017"]
[EventDate "2016.08.08"]
[PlyCount "87"]

1.e4 e5 2.Nf3 Nc6 3.Bb5 Nf6 4.d3 Bc5 5.Bxc6 dxc6 6.Qe2 Qd6 7.Nbd2 Be6 8.a3
O-O-O 9.O-O Nd7 10.b4 Bb6 11.Bb2 f6 12.Nc4 Qe7 13.Rfb1 c5 14.Bc3 Bxc4 15.
dxc4 cxb4 16.axb4 c5 17.b5 Nf8 18.Nd2 Ne6 19.Nf1 Nd4 20.Bxd4 exd4 21.Qd3 
Rhe8 22.Re1 g6 23.Nd2 Qd6 24.Nf3 Rd7 25.g3 Qc7 26.Nh4 Rde7 27.f4 g5 28.Nf5
Rd7 29.fxg5 fxg5 30.Re2 Qe5 31.Rf1 Re6 32.Qf3 Kb8 33.Qh5 Bd8 34.Rf3 a6 35.
bxa6 Rxa6 36.Nh6 Rf6 37.Ng4 Qe6 38.Nxf6 Bxf6 39.e5 Bd8 40.Kf2 Qxc4 41.e6 
Re7 42.Rf8 Kc7 43.Qf3 Qa6 44.Qd5 1-0

[Event "34th WCh U20 Girls"]
[Site "Bhubaneswar IND"]
[Date "2016.08.10"]
[Round "3.22"]
[White "Lasya, Goli"]
[Black "Bala Kannamma, P."]
[Result "1-0"]
[WhiteElo "2084"]
[BlackElo "2039"]
[EventDate "2016.08.08"]
[PlyCount "129"]

1.e4 c5 2.Nf3 e6 3.d3 a6 4.g3 Nc6 5.Bg2 d6 6.Nbd2 Qc7 7.c3 Nge7 8.Qe2 g6 
9.h4 h5 10.e5 d5 11.Nb3 b6 12.Bf4 Bg7 13.Nbd2 Bb7 14.O-O b5 15.Nb3 Na5 16.
Nxa5 Qxa5 17.d4 c4 18.Qd2 Qc7 19.Bh3 a5 20.Bg5 Bc8 21.Rfe1 Ng8 22.Kg2 Bh6 
23.Qf4 Bxg5 24.Nxg5 Qe7 25.a3 Nh6 26.Re3 Ra7 27.Re2 Rb7 28.Qd2 Kf8 29.Re3 
Kg7 30.Rf3 Nf5 31.Bxf5 exf5 32.Re3 Be6 33.Re2 Rhb8 34.Nh3 Ra7 35.Nf4 Rab7 
36.Qe3 Rb6 37.Qf3 Qd8 38.Ree1 Qd7 39.Qe3 Qe7 40.Ra2 Qd8 41.Rea1 Qe7 42.Ne2
Qd8 43.Nc1 b4 44.axb4 axb4 45.Ne2 bxc3 46.bxc3 Rb1 47.Nf4 Rxa1 48.Rxa1 Qb6
49.Ra3 Re8 50.Nh3 Qb2 51.Ra6 Rb8 52.Qg5 Qb7 53.Qf6+ Kh6 54.Rd6 Re8 55.Qg5+
Kh7 56.Nf4 Qe7 57.Qxe7 Rxe7 58.Nxd5 Bxd5+ 59.Rxd5 Ra7 60.Rc5 Ra4 61.d5 Kg7
62.d6 Ra7 63.Rxc4 Kf8 64.Rc8+ Kg7 65.c4 1-0

[Event "34th WCh U20 Girls"]
[Site "Bhubaneswar IND"]
[Date "2016.08.10"]
[Round "3.23"]
[White "Omurbekova, Diana"]
[Black "Sapale, Saloni"]
[Result "0-1"]
[WhiteElo "1886"]
[BlackElo "2080"]
[EventDate "2016.08.08"]
[PlyCount "106"]

1.Nf3 d5 2.g3 Nf6 3.Bg2 c6 4.b3 Bf5 5.Bb2 h6 6.d3 Nbd7 7.Nbd2 e6 8.O-O Bc5
9.e4 dxe4 10.dxe4 Bh7 11.Qe2 O-O 12.c4 e5 13.Nxe5 Nxe5 14.Bxe5 Re8 15.Bxf6
Qxf6 16.Kh1 Rad8 17.f3 Qb2 18.Rfd1 Bb4 19.Rab1 Qxa2 20.Ra1 Qb2 21.Rxa7 
Rxd2 22.Rxd2 Qxd2 23.Qxd2 Bxd2 24.Rxb7 c5 25.Rd7 Bb4 26.Rd5 g5 27.Bh3 Ra8 
28.Bd7 Ra3 29.Rd3 Ra1+ 30.Kg2 Ra2+ 31.Kh1 Rd2 32.Rd5 Kf8 33.Bc6 f6 34.Kg1 
Ke7 35.Kf1 Bg6 36.Rxd2 Bxd2 37.Ke2 Bb4 38.Ke3 Kd6 39.Bd5 f5 40.Bb7 Ba3 41.
Bc8 fxe4 42.fxe4 Ke5 43.Bb7 g4 44.Bc8 h5 45.h3 gxh3 46.Bxh3 Bxe4 47.Bf1 
Bc1+ 48.Ke2 Bc2 49.Bg2 Bf5 50.Kd1 Be3 51.Ke2 Kd4 52.Bd5 Bg4+ 53.Ke1 Ke5 
0-1

[Event "34th WCh U20 Girls"]
[Site "Bhubaneswar IND"]
[Date "2016.08.10"]
[Round "3.25"]
[White "Barbier, Astrid"]
[Black "Mendoza, Shania Mae"]
[Result "0-1"]
[WhiteElo "1853"]
[BlackElo "2191"]
[EventDate "2016.08.08"]
[PlyCount "80"]

1.e4 e5 2.Nf3 Nc6 3.Bb5 a6 4.Ba4 Nf6 5.d3 Bc5 6.O-O d6 7.c3 O-O 8.h3 Ba7 
9.Re1 b5 10.Bc2 Ne7 11.d4 Ng6 12.Nbd2 h6 13.Nf1 c5 14.d5 c4 15.Ng3 Bd7 16.
Be3 Qc8 17.Kh2 Nf4 18.Ng1 Re8 19.Qd2 g5 20.Rad1 Kg7 21.Bxf4 exf4 22.Nf5+ 
Bxf5 23.exf5 Qc5 24.Rf1 Re5 25.Nf3 Rxd5 26.Nd4 Re8 27.Rde1 Rde5 28.g3 Rxe1
29.Rxe1 Rxe1 30.Qxe1 Qe5 31.Qxe5 dxe5 32.Nc6 Bxf2 33.gxf4 exf4 34.a4 h5 
35.Nb4 f3 36.Bd1 g4 37.hxg4 hxg4 38.Bxf3 gxf3 39.Nxa6 bxa4 40.Nb4 Ne4 0-1

[Event "34th WCh U20 Girls"]
[Site "Bhubaneswar IND"]
[Date "2016.08.10"]
[Round "3.26"]
[White "Hiebler, Laura"]
[Black "Albekova, Dilyara"]
[Result "1-0"]
[WhiteElo "2110"]
[BlackElo "1732"]
[EventDate "2016.08.08"]
[PlyCount "53"]

1.e4 d5 2.exd5 Qxd5 3.Nc3 Qd6 4.d4 Nf6 5.Nf3 c6 6.Ne5 g6 7.Bf4 Qd8 8.Bc4 
e6 9.Qd2 Bg7 10.h4 b5 11.Be2 h5 12.Bf3 Qb6 13.Qd3 Ba6 14.Ne4 Nxe4 15.Qxe4 
O-O 16.O-O-O Bb7 17.g4 hxg4 18.Nxg4 Nd7 19.h5 Rae8 20.Nh6+ Bxh6 21.Bxh6 f5
22.Qh4 Qd8 23.Bg5 Rf6 24.hxg6 Kf8 25.Qh8+ Ke7 26.Qg7+ Kd6 27.Bf4+ 1-0

[Event "34th WCh U20 Girls"]
[Site "Bhubaneswar IND"]
[Date "2016.08.10"]
[Round "3.27"]
[White "Choladze, Mariami"]
[Black "Minaud, Emily"]
[Result "1-0"]
[WhiteElo "2077"]
[BlackElo "1721"]
[EventDate "2016.08.08"]
[PlyCount "113"]

1.e4 e5 2.Nf3 Nc6 3.Bb5 a6 4.Ba4 Nf6 5.O-O Be7 6.Re1 b5 7.Bb3 d6 8.c3 O-O 
9.h3 Na5 10.Bc2 c5 11.d4 Nc6 12.a4 Bb7 13.d5 Nb8 14.b3 Nbd7 15.Nbd2 Re8 
16.Nf1 Nf8 17.Ng3 Ng6 18.Nh2 b4 19.cxb4 cxb4 20.a5 Bc8 21.Be3 Qc7 22.Bb6 
Qb7 23.Ra4 Bd7 24.Rxb4 Nf4 25.Qd2 Rac8 26.Nhf1 Bb5 27.Ne3 Nd7 28.Nc4 Nc5 
29.Nf5 Qd7 30.Re3 g6 31.Nxe7+ Qxe7 32.Bd1 h5 33.Kh2 h4 34.g3 hxg3+ 35.fxg3
Nh5 36.Na3 Bd7 37.Rc3 Nf6 38.Bf3 Kg7 39.Bxc5 dxc5 40.Rb7 Rh8 41.h4 Qe8 42.
Nc4 Rb8 43.Ra7 Ra8 44.Rxa8 Qxa8 45.Nxe5 Qc8 46.Qe3 Qc7 47.Nxd7 Nxd7 48.Kh3
Qxa5 49.Bg4 Qb5 50.Qf4 Nf6 51.Rf3 Nxg4 52.Qxf7+ Kh6 53.Kxg4 Qe2 54.Qf4+ 
Kh7 55.Kh3 Rg8 56.d6 Rg7 57.e5 1-0